Improving management in process, parts and manufacturing industries

Tallennettuna:
Bibliografiset tiedot
Päätekijä: Danjo, Kunio
Aineistotyyppi: Kirja
Kieli:Undetermined
Julkaistu: Tokyo Asian Productivity Organization 1971
Aiheet:
Tagit: Lisää tagi
Ei tageja, Lisää ensimmäinen tagi!
Thư viện lưu trữ: Trung tâm Học liệu Trường Đại học Cần Thơ
LEADER 00565nam a2200193Ia 4500
001 CTU_94193
008 210402s9999 xx 000 0 und d
082 |a 658 
082 |b D186 
100 |a Danjo, Kunio 
245 0 |a Improving management in process, parts and manufacturing industries 
245 0 |c Kunio Danjo, Riichi Sonoda 
260 |a Tokyo 
260 |b Asian Productivity Organization 
260 |c 1971 
650 |a Small business 
650 |x Management,Case studies 
904 |i Giang 
980 |a Trung tâm Học liệu Trường Đại học Cần Thơ